1073 1257 1964 1488 1544 1793 1817 1974 1232 1432 1208 1157 1707 1320 1373 1273 1423 1808 1464 1277 1684 1865 1743 1421 1202 1426 1610 1567 1038 1512 1840 1859 1314 1649 1962 1788 1996 1146 1490 1713 1420 1102 1722 1347 1556 1171 1644 1658 1696 1738 1232 1302 1176 1966 1015 1358 1817 1465 1129 1298 1672 1081 1500 1275 1046 1854 1538 1506 1605 1381 1149 1054 1199 1505 1333 1014 1273 1321 1836 1970 1609 1160 1979 1862 1138 1203 1982 1253 1779 1509 1562 1116 1620 1608 1034 1337 1400 1790 1165 BCNSPRNW ULIB Ver.6.0+V

เปลี่ยนเป็นภาษาไทย

Change to English
 แสดงรายละเอียดบรรณานุกรม
  กลับหน้าหลัก

Brief Record : Get Marc (ISO 2709) : E-mail record : QR code < ปิดหน้าต่าง
LEADER : 00000nam 2200000uu 4500
001    13399111138
003     ULIB
008    110616s2550||||th 000 0 tha d
020    9789746457576
050 04 BF576^bม246ท ล.1
110 2  มหาวิทยาลัยสุโขทัยธรรมาธิราช.^bสาขาวิชาศิลปศาสตร์
245 10 ทักษะชีวิต หน่วยที่ 1-7=^b Life skills /^cสาขาวิชาศิลปศาสตร์มหาวิทยาลัยสุโขทัยธรรมาธิราช
246 31 Life skills
250    พิมพ์ครั้งที่ 10
260    นนทบุรี :^bมหาวิทยาลัย,^c2550
300    2 เล่ม :^bภาพประกอบ, ตาราง
440  0 เอกสารการสอนชุดวิชา ;^v10103
504    มีบรรณานุกรมประกอบ
505 0  ล.2^tหน่วยที่ 1-7
650  7 จิตวิทยาประยุกต์
650  7 ความสำเร็จ
650  7 การดำเนินชีวิต
945    ^p0^l0^i022927
945    ^p0^l0^i022925
945    ^p0^l0^i022926
945    ^p0^l0^i032902
995    ทศพร
999 ^a ใช้งานได้ทุกระบบ
รายการนี้ยังไม่มีแท็ก
คุณยังไม่ได้ล็อกอิน คุณสามารถมีกิจกรรมร่วมกับเว็บไซต์ได้ แต่ต้องล็อกอินก่อน ::
  ล็อกอิน

รายการสื่อสารสนเทศ

ลำดับที่ ประเภท เลขเรียก/บาร์โค้ด สถานที่ สถานะ
1. วิทยาศาสตร์การแพทย์ และสุขภาพ
วิทยาศาสตร์การแพทย์ และสุขภาพ
BF576 ม246ท ล.1 ฉ.4 
  Barcode: 032902
ห้องสมุดวิทยาเขตสวรรค์ประชารักษ์
►หนังสือทั่วไป
บนชั้น

รายการใกล้เคียง
    หัวเรื่อง [จิตวิทยาประยุกต์]
    หัวเรื่อง [ความสำเร็จ]
    หัวเรื่อง [การดำเนินชีวิต]

BibComment


ยังไม่เคยถูกคอมเมนท์

คอมเมนท์ทรัพยากรรายการนี้
  คอมเมนท์: ทักษะชีวิต หน่วยท..


 Copyright 2026. Bcnsprnw @Library